[Event "Королевский Гамбит. Южный Федеральный округ."]
[Date "2025-11-21"]
[Round "7.1"]
[Board "1"]
[White "Левченко Владимир"]
[WhiteElo "971"]
[Black "Витченко Денис"]
[BlackElo "993"]
[WebSite "https://www.chessopen.ru"]
[GameId "0efb4c03-ddae-4c37-a2fc-870de1203e8e"]
[Result "1/2-1/2"]

1. e4 { [%clk 0:09:54] } e5 { [%clk 0:10:00] } 2. Nf3 { [%clk 0:09:53] } Nc6 {
[%clk 0:10:02] } 3. Bc4 { [%clk 0:09:54] } Nf6 { [%clk 0:10:02] } 4. O-O {
[%clk 0:09:52] } Bc5 { [%clk 0:10:03] } 5. h3 { [%clk 0:09:52] } h6 { [%clk
0:10:04] } 6. Nc3 { [%clk 0:09:51] } O-O { [%clk 0:10:04] } 7. d3 { [%clk
0:09:47] } d6 { [%clk 0:10:05] } 8. Nd5 { [%clk 0:09:43] } Be6 { [%clk 0:10:04]
} 9. Nxf6+ { [%clk 0:09:40] } Qxf6 { [%clk 0:10:02] } 10. Bxe6 { [%clk 0:09:35]
} Qxe6 { [%clk 0:09:58] } 11. Nh4 { [%clk 0:09:30] } Nd4 { [%clk 0:09:53] } 12.
c3 { [%clk 0:09:19] } Nb5 { [%clk 0:09:46] } 13. c4 { [%clk 0:09:15] } Nd4 {
[%clk 0:09:44] } 14. Be3 { [%clk 0:09:13] } Nc6 { [%clk 0:09:36] } 15. Bxc5 {
[%clk 0:09:14] } dxc5 { [%clk 0:09:38] } 16. Qf3 { [%clk 0:09:03] } Nd4 { [%clk
0:09:36] } 17. Qe3 { [%clk 0:08:56] } Qb6 { [%clk 0:09:25] } 18. Rab1 { [%clk
0:08:48] } Nc6 { [%clk 0:09:19] } 19. Qg3 { [%clk 0:08:43] } Nd4 { [%clk
0:09:17] } 20. Qe3 { [%clk 0:08:42] } Nc6 { [%clk 0:09:18] } 21. Qg3 { [%clk
0:08:41] } Nd4 { [%clk 0:09:18] } 22. Qe3 { [%clk 0:08:40] } 1/2-1/2

[Event "Королевский Гамбит. Южный Федеральный округ."]
[Date "2025-11-21"]
[Round "7.1"]
[Board "1"]
[White "Ширшов Светослав"]
[WhiteElo "1026"]
[Black "Гончаров Константин"]
[BlackElo "1017"]
[WebSite "https://www.chessopen.ru"]
[GameId "1f222eac-2fb5-47cd-b921-22d1131718f0"]
[Result "1/2-1/2"]

1. e4 { [%clk 0:10:00] } g6 { [%clk 0:10:01] } 2. Nf3 { [%clk 0:10:01] } d6 {
[%clk 0:10:00] } 3. d4 { [%clk 0:10:02] } Bg7 { [%clk 0:10:01] } 4. Nc3 { [%clk
0:10:04] } Nf6 { [%clk 0:10:02] } 5. Bd3 { [%clk 0:10:03] } O-O { [%clk
0:10:03] } 6. Be3 { [%clk 0:10:04] } Bg4 { [%clk 0:10:03] } 7. h3 { [%clk
0:10:04] } Bxf3 { [%clk 0:10:04] } 8. Qxf3 { [%clk 0:10:04] } Nc6 { [%clk
0:10:04] } 9. O-O-O { [%clk 0:10:00] } Nd7 { [%clk 0:10:04] } 10. d5 { [%clk
0:09:58] } Nce5 { [%clk 0:10:04] } 11. Qe2 { [%clk 0:09:55] } Nb6 { [%clk
0:10:03] } 12. f4 { [%clk 0:09:46] } Ned7 { [%clk 0:09:59] } 13. Rhf1 { [%clk
0:09:41] } a5 { [%clk 0:09:54] } 14. Kb1 { [%clk 0:09:38] } a4 { [%clk 0:09:55]
} 15. f5 { [%clk 0:09:28] } a3 { [%clk 0:09:39] } 16. fxg6 { [%clk 0:09:11] }
fxg6 { [%clk 0:09:38] } 17. Rxf8+ { [%clk 0:09:10] } Nxf8 { [%clk 0:09:34] }
18. Bxb6 { [%clk 0:09:03] } cxb6 { [%clk 0:09:31] } 19. Nb5 { [%clk 0:08:30] }
axb2 { [%clk 0:09:25] } 20. c3 { [%clk 0:08:23] } Nd7 { [%clk 0:09:12] } 21.
Kxb2 { [%clk 0:08:16] } Nc5 { [%clk 0:09:11] } 22. Ka1 { [%clk 0:08:04] } Ra5 {
[%clk 0:08:30] } 23. Kb1 { [%clk 0:07:27] } Na4 { [%clk 0:08:15] } 24. Rc1 {
[%clk 0:07:14] } Qc8 { [%clk 0:07:42] } 25. c4 { [%clk 0:06:57] } Qc5 { [%clk
0:07:32] } 26. Qc2 { [%clk 0:06:31] } Rxb5+ { [%clk 0:04:04] } 27. cxb5 { [%clk
0:06:27] } Nc3+ { [%clk 0:04:05] } 28. Kb2 { [%clk 0:05:45] } Ne2+ { [%clk
0:03:42] } 29. Kb1 { [%clk 0:05:29] } Qb4+ { [%clk 0:03:22] } 30. Qb3 { [%clk
0:05:29] } Qxb3+ { [%clk 0:03:21] } 31. axb3 { [%clk 0:05:30] } Nxc1 { [%clk
0:03:22] } 32. Kxc1 { [%clk 0:05:31] } Kf7 { [%clk 0:03:24] } 33. Kd2 { [%clk
0:05:30] } Kf6 { [%clk 0:03:25] } 34. Ke3 { [%clk 0:05:27] } Ke5 { [%clk
0:03:25] } 35. Bc4 { [%clk 0:05:17] } Bh6+ { [%clk 0:03:17] } 36. Kf3 { [%clk
0:05:15] } Kd4 { [%clk 0:03:12] } 37. g4 { [%clk 0:05:09] } Bg5 { [%clk
0:03:07] } 38. Kg3 { [%clk 0:04:44] } Kxe4 { [%clk 0:03:07] } 39. h4 { [%clk
0:04:45] } Bf4+ { [%clk 0:03:05] } 40. Kf2 { [%clk 0:04:37] } h5 { [%clk
0:03:01] } 41. gxh5 { [%clk 0:04:34] } gxh5 { [%clk 0:03:02] } 42. Ke2 { [%clk
0:04:18] } Bg3 { [%clk 0:02:57] } 43. Kf1 { [%clk 0:04:09] } Kf4 { [%clk
0:02:57] } 44. Be2 { [%clk 0:04:08] } Ke3 { [%clk 0:02:52] } 45. Bxh5 { [%clk
0:04:08] } Bxh4 { [%clk 0:02:52] } 46. Be2 { [%clk 0:04:03] } Kd4 { [%clk
0:02:36] } 47. Bc4 { [%clk 0:03:55] } e6 { [%clk 0:02:25] } 48. dxe6 { [%clk
0:03:55] } d5 { [%clk 0:02:25] } 49. Be2 { [%clk 0:03:49] } Kc3 { [%clk
0:02:24] } 50. Bd1 { [%clk 0:03:50] } d4 { [%clk 0:02:25] } 51. Ke2 { [%clk
0:03:50] } d3+ { [%clk 0:02:25] } 52. Ke3 { [%clk 0:03:50] } d2 { [%clk
0:02:26] } 53. Ke2 { [%clk 0:03:44] } Bg5 { [%clk 0:02:22] } 54. Kf3 { [%clk
0:03:38] } Kb2 { [%clk 0:02:20] } 55. Ke2 { [%clk 0:03:34] } Kc1 { [%clk
0:02:20] } 56. b4 { [%clk 0:03:33] } Bh4 { [%clk 0:02:18] } 57. Ba4 { [%clk
0:03:30] } Bg5 { [%clk 0:02:11] } 58. Bd1 { [%clk 0:03:17] } Kb2 { [%clk
0:02:12] } 59. Kd3 { [%clk 0:03:13] } Kc1 { [%clk 0:02:03] } 60. Ke2 { [%clk
0:03:13] } 1/2-1/2

[Event "Королевский Гамбит. Южный Федеральный округ."]
[Date "2025-11-21"]
[Round "7.2"]
[Board "2"]
[White "Гончаров Никита"]
[WhiteElo "1018"]
[Black "Забелло Дмитрий"]
[BlackElo "972"]
[WebSite "https://www.chessopen.ru"]
[GameId "9a55f2e2-d00f-4e44-97f5-d1f84c03c6a7"]
[Result "1-0"]

1. e4 { [%clk 0:10:01] } e5 { [%clk 0:09:59] } 2. Nf3 { [%clk 0:10:01] } Bc5 {
[%clk 0:09:55] } 3. Nxe5 { [%clk 0:09:59] } Qe7 { [%clk 0:09:56] } 4. d4 {
[%clk 0:09:57] } Bd6 { [%clk 0:09:53] } 5. Bf4 { [%clk 0:09:56] } Bxe5 { [%clk
0:09:54] } 6. dxe5 { [%clk 0:09:56] } Qb4+ { [%clk 0:09:55] } 7. Nc3 { [%clk
0:09:54] } Nc6 { [%clk 0:09:46] } 8. Bb5 { [%clk 0:09:49] } Nd4 { [%clk
0:09:42] } 9. Ba4 { [%clk 0:09:26] } Nh6 { [%clk 0:09:07] } 10. O-O { [%clk
0:09:04] } Qxb2 { [%clk 0:08:42] } 11. Qxd4 { [%clk 0:08:55] } b6 { [%clk
0:08:23] } 12. Bxh6 { [%clk 0:08:48] } gxh6 { [%clk 0:08:21] } 13. e6 { [%clk
0:08:47] } fxe6 { [%clk 0:08:18] } 14. Qxh8+ { [%clk 0:08:46] } Ke7 { [%clk
0:08:17] } 15. Nd5+ { [%clk 0:08:43] } exd5 { [%clk 0:08:17] } 16. Qxb2 { [%clk
0:08:43] } Rb8 { [%clk 0:07:56] } 17. Qe5+ { [%clk 0:08:32] } Kf8 { [%clk
0:07:46] } 18. Bb3 { [%clk 0:08:22] } Ba6 { [%clk 0:07:23] } 19. Bxd5 { [%clk
0:08:15] } Bxf1 { [%clk 0:07:23] } 20. Qf6+ { [%clk 0:08:15] } Ke8 { [%clk
0:07:22] } 21. Bf7+ { [%clk 0:08:16] } Kf8 { [%clk 0:07:20] } 22. Bg6+ { [%clk
0:08:16] } Kg8 { [%clk 0:07:09] } 23. Qf7+ { [%clk 0:08:09] } Kh8 { [%clk
0:07:06] } 24. Qxh7# { [%clk 0:08:12] } 1-0

[Event "Королевский Гамбит. Южный Федеральный округ."]
[Date "2025-11-21"]
[Round "7.2"]
[Board "2"]
[White "Дьяченко Владислав"]
[WhiteElo "981"]
[Black "Медведев Назар"]
[BlackElo "993"]
[WebSite "https://www.chessopen.ru"]
[GameId "b33243fb-3314-4a81-a97a-0bf5af41a89a"]
[Result "0-1"]

1. e4 { [%clk 0:10:00] } e5 { [%clk 0:09:58] } 2. Nf3 { [%clk 0:10:02] } Nf6 {
[%clk 0:09:51] } 3. Nc3 { [%clk 0:09:59] } d6 { [%clk 0:09:38] } 4. h3 { [%clk
0:09:59] } Be7 { [%clk 0:09:05] } 5. d3 { [%clk 0:10:00] } O-O { [%clk 0:09:00]
} 6. Be3 { [%clk 0:09:59] } Nc6 { [%clk 0:08:34] } 7. Qd2 { [%clk 0:09:48] }
Be6 { [%clk 0:08:07] } 8. O-O-O { [%clk 0:09:25] } Nb4 { [%clk 0:07:41] } 9. a3
{ [%clk 0:09:25] } Nc6 { [%clk 0:07:27] } 10. Nb5 { [%clk 0:09:15] } a6 { [%clk
0:07:02] } 11. Nc3 { [%clk 0:09:08] } b5 { [%clk 0:06:35] } 12. d4 { [%clk
0:09:09] } d5 { [%clk 0:06:02] } 13. exd5 { [%clk 0:09:09] } Bxd5 { [%clk
0:05:55] } 14. Nxd5 { [%clk 0:09:08] } Qxd5 { [%clk 0:05:51] } 15. c3 { [%clk
0:08:58] } Ne4 { [%clk 0:05:42] } 16. Qc2 { [%clk 0:08:44] } exd4 { [%clk
0:05:33] } 17. cxd4 { [%clk 0:08:44] } b4 { [%clk 0:05:21] } 18. axb4 { [%clk
0:08:42] } Nxb4 { [%clk 0:05:21] } 19. Qxc7 { [%clk 0:08:38] } Rac8 { [%clk
0:05:18] } 20. Qxc8 { [%clk 0:08:22] } Rxc8+ { [%clk 0:05:16] } 21. Kb1 { [%clk
0:08:22] } Qa2# { [%clk 0:05:12] } 0-1

[Event "Королевский Гамбит. Южный Федеральный округ."]
[Date "2025-11-21"]
[Round "7.2"]
[Board "2"]
[White "Игнатьев Тимофей"]
[WhiteElo "952"]
[Black "Краль Ян"]
[BlackElo "1056"]
[WebSite "https://www.chessopen.ru"]
[GameId "e635ea02-162f-42aa-94bf-82f4c9592409"]
[Result "0-1"]

1. e3 { [%clk 0:10:00] } e5 { [%clk 0:09:59] } 2. Bc4 { [%clk 0:10:00] } d5 {
[%clk 0:10:00] } 3. Bd3 { [%clk 0:09:55] } f5 { [%clk 0:09:58] } 4. c4 { [%clk
0:09:56] } c6 { [%clk 0:09:57] } 5. cxd5 { [%clk 0:09:56] } cxd5 { [%clk
0:10:00] } 6. e4 { [%clk 0:09:57] } dxe4 { [%clk 0:10:00] } 7. Bc2 { [%clk
0:09:57] } Nf6 { [%clk 0:09:59] } 8. Nc3 { [%clk 0:09:57] } Bc5 { [%clk
0:09:57] } 9. Ba4+ { [%clk 0:09:57] } Bd7 { [%clk 0:09:57] } 10. Bxd7+ { [%clk
0:09:56] } Nbxd7 { [%clk 0:10:00] } 11. Qh5+ { [%clk 0:09:52] } Nxh5 { [%clk
0:09:56] } 12. Nh3 { [%clk 0:09:52] } g5 { [%clk 0:09:51] } 13. O-O { [%clk
0:09:54] } g4 { [%clk 0:09:52] } 14. Ng5 { [%clk 0:09:53] } Qxg5 { [%clk
0:09:51] } 15. b3 { [%clk 0:09:51] } Nf4 { [%clk 0:09:50] } 16. d3 { [%clk
0:09:51] } exd3 { [%clk 0:09:50] } 17. Bd2 { [%clk 0:09:52] } Ne2+ { [%clk
0:09:45] } 18. Kh1 { [%clk 0:09:48] } Qxd2 { [%clk 0:09:45] } 19. Nxe2 { [%clk
0:09:46] } dxe2 { [%clk 0:09:44] } 20. Rg1 { [%clk 0:09:45] } Bxf2 { [%clk
0:09:42] } 21. Rgb1 { [%clk 0:09:42] } e1=Q+ { [%clk 0:09:41] } 22. Rxe1 {
[%clk 0:09:43] } Bxe1 { [%clk 0:09:42] } 23. Kg1 { [%clk 0:09:40] } Qf2+ {
[%clk 0:09:42] } 24. Kh1 { [%clk 0:09:40] } Qf1# { [%clk 0:09:45] } 0-1

[Event "Королевский Гамбит. Южный Федеральный округ."]
[Date "2025-11-21"]
[Round "7.2"]
[Board "2"]
[White "Любимов Иван"]
[WhiteElo "990"]
[Black "Данильченко Борис"]
[BlackElo "971"]
[WebSite "https://www.chessopen.ru"]
[GameId "d4b89960-39cc-4279-8685-f665a5789976"]
[Result "1-0"]

1. e4 { [%clk 0:10:00] } e5 { [%clk 0:09:59] } 2. Nf3 { [%clk 0:09:59] } d6 {
[%clk 0:09:53] } 3. Bb5+ { [%clk 0:09:57] } Nc6 { [%clk 0:09:47] } 4. O-O {
[%clk 0:09:49] } Bg4 { [%clk 0:09:30] } 5. h3 { [%clk 0:09:45] } Bxf3 { [%clk
0:09:30] } 6. gxf3 { [%clk 0:09:46] } Nf6 { [%clk 0:09:30] } 7. Nc3 { [%clk
0:09:38] } Be7 { [%clk 0:09:19] } 8. Nd5 { [%clk 0:09:36] } Nxd5 { [%clk
0:09:19] } 9. exd5 { [%clk 0:09:37] } a6 { [%clk 0:09:16] } 10. Ba4 { [%clk
0:09:29] } Qd7 { [%clk 0:09:10] } 11. dxc6 { [%clk 0:09:29] } bxc6 { [%clk
0:09:09] } 12. Qe2 { [%clk 0:09:29] } O-O { [%clk 0:09:05] } 13. Qc4 { [%clk
0:09:16] } h6 { [%clk 0:09:03] } 14. f4 { [%clk 0:09:16] } exf4 { [%clk
0:09:02] } 15. b3 { [%clk 0:09:15] } Qxh3 { [%clk 0:09:00] } 16. Bb2 { [%clk
0:09:16] } Bf6 { [%clk 0:08:51] } 17. Rfb1 { [%clk 0:08:59] } Qg3+ { [%clk
0:08:32] } 18. Kf1 { [%clk 0:08:55] } Qh3+ { [%clk 0:08:29] } 19. Ke2 { [%clk
0:08:51] } Qg4+ { [%clk 0:08:25] } 20. Kf1 { [%clk 0:08:50] } Bxb2 { [%clk
0:08:22] } 21. Rxb2 { [%clk 0:08:49] } d5 { [%clk 0:08:17] } 22. Qxc6 { [%clk
0:08:47] } Rae8 { [%clk 0:08:11] } 23. Qxc7 { [%clk 0:08:43] } Re4 { [%clk
0:08:05] } 24. Bc6 { [%clk 0:08:30] } Qh3+ { [%clk 0:07:59] } 25. Kg1 { [%clk
0:08:29] } f3 { [%clk 0:07:57] } 26. Qh2 { [%clk 0:08:24] } Rh4 { [%clk
0:07:55] } 27. Bd7 { [%clk 0:08:10] } f5 { [%clk 0:07:45] } 28. Kh1 { [%clk
0:07:47] } Rf6 { [%clk 0:07:31] } 29. Rg1 { [%clk 0:07:16] } Kh7 { [%clk
0:07:15] } 30. Rg3 { [%clk 0:06:55] } Qf1+ { [%clk 0:07:02] } 31. Rg1 { [%clk
0:06:49] } Qe2 { [%clk 0:06:49] } 32. Qxh4 { [%clk 0:06:48] } Rg6 { [%clk
0:06:48] } 33. Rxg6 { [%clk 0:06:28] } Kxg6 { [%clk 0:06:48] } 34. Qg3+ { [%clk
0:05:54] } Kh5 { [%clk 0:06:42] } 35. Bxf5 { [%clk 0:05:50] } Qf1+ { [%clk
0:06:35] } 36. Kh2 { [%clk 0:05:47] } g5 { [%clk 0:06:15] } 37. Qg4# { [%clk
0:05:44] } 1-0

[Event "Королевский Гамбит. Южный Федеральный округ."]
[Date "2025-11-21"]
[Round "7.2"]
[Board "2"]
[White "Харьковский Назар"]
[WhiteElo "998"]
[Black "Рочвак Артём"]
[BlackElo "1027"]
[WebSite "https://www.chessopen.ru"]
[GameId "781af747-fb12-465f-9256-10cccda85f65"]
[Result "0-1"]

1. e4 { [%clk 0:10:00] } e5 { [%clk 0:10:00] } 2. Nf3 { [%clk 0:10:01] } Nc6 {
[%clk 0:09:53] } 3. Bb5 { [%clk 0:10:02] } Bc5 { [%clk 0:09:50] } 4. Bxc6 {
[%clk 0:10:02] } dxc6 { [%clk 0:09:39] } 5. Nxe5 { [%clk 0:10:02] } Qe7 { [%clk
0:09:39] } 6. Nf3 { [%clk 0:09:51] } Qxe4+ { [%clk 0:09:38] } 7. Qe2 { [%clk
0:09:35] } Qxe2+ { [%clk 0:09:37] } 8. Kxe2 { [%clk 0:09:35] } Nf6 { [%clk
0:09:29] } 9. Re1 { [%clk 0:09:34] } O-O { [%clk 0:09:28] } 10. Kf1 { [%clk
0:09:36] } Bf5 { [%clk 0:09:27] } 11. d3 { [%clk 0:09:31] } b5 { [%clk 0:09:06]
} 12. d4 { [%clk 0:09:17] } Bb6 { [%clk 0:09:01] } 13. Bg5 { [%clk 0:09:16] }
Ba5 { [%clk 0:08:51] } 14. Re5 { [%clk 0:09:12] } Ng4 { [%clk 0:08:27] } 15.
Rxf5 { [%clk 0:08:52] } Rae8 { [%clk 0:08:26] } 16. Nc3 { [%clk 0:08:51] } b4 {
[%clk 0:08:25] } 17. Na4 { [%clk 0:08:49] } Re6 { [%clk 0:08:16] } 18. Nc5 {
[%clk 0:08:48] } Rg6 { [%clk 0:08:03] } 19. Nd7 { [%clk 0:08:38] } Re8 { [%clk
0:07:58] } 20. c3 { [%clk 0:08:34] } bxc3 { [%clk 0:07:58] } 21. bxc3 { [%clk
0:08:34] } Bxc3 { [%clk 0:07:59] } 22. Rb1 { [%clk 0:08:35] } c5 { [%clk
0:07:47] } 23. dxc5 { [%clk 0:08:32] } h6 { [%clk 0:07:30] } 24. Bd2 { [%clk
0:08:28] } Nxh2+ { [%clk 0:07:25] } 25. Kg1 { [%clk 0:08:25] } Nxf3+ { [%clk
0:07:23] } 26. Kf1 { [%clk 0:08:21] } Nxd2+ { [%clk 0:07:22] } 27. Kg1 { [%clk
0:08:16] } Nxb1 { [%clk 0:07:21] } 28. Kh2 { [%clk 0:08:14] } Re7 { [%clk
0:07:05] } 29. Nb8 { [%clk 0:07:56] } Be5+ { [%clk 0:07:00] } 30. g3 { [%clk
0:07:43] } Nc3 { [%clk 0:06:53] } 31. Kg2 { [%clk 0:07:38] } Ne2 { [%clk
0:06:52] } 32. Nc6 { [%clk 0:07:39] } Nf4+ { [%clk 0:06:45] } 33. Kf3 { [%clk
0:07:37] } Rxc6 { [%clk 0:06:40] } 34. gxf4 { [%clk 0:07:32] } Rxc5 { [%clk
0:06:29] } 35. fxe5 { [%clk 0:07:32] } Rcxe5 { [%clk 0:06:32] } 36. Rf4 { [%clk
0:07:30] } g5 { [%clk 0:06:29] } 37. Rc4 { [%clk 0:07:27] } Rf5+ { [%clk
0:06:28] } 38. Kg2 { [%clk 0:07:27] } h5 { [%clk 0:06:27] } 39. Rc1 { [%clk
0:07:26] } c5 { [%clk 0:06:24] } 40. Rh1 { [%clk 0:07:26] } h4 { [%clk 0:06:25]
} 41. Rc1 { [%clk 0:07:22] } Re4 { [%clk 0:06:24] } 42. f3 { [%clk 0:07:22] }
Re2+ { [%clk 0:06:22] } 43. Kh3 { [%clk 0:07:20] } Rxf3+ { [%clk 0:06:18] } 44.
Kg4 { [%clk 0:07:21] } Rg3+ { [%clk 0:06:18] } 45. Kh5 { [%clk 0:07:20] } h3 {
[%clk 0:06:18] } 46. Kh6 { [%clk 0:07:19] } h2 { [%clk 0:06:16] } 47. Rxc5 {
[%clk 0:07:20] } h1=Q# { [%clk 0:06:13] } 0-1

[Event "Королевский Гамбит. Южный Федеральный округ."]
[Date "2025-11-21"]
[Round "7.2"]
[Board "2"]
[White "Хачатуров Илья"]
[WhiteElo "1039"]
[Black "Кобызев Артём"]
[BlackElo "966"]
[WebSite "https://www.chessopen.ru"]
[GameId "d96b1eec-0670-44fe-9d5f-f1e1985c7a79"]
[Result "1-0"]

1. d4 { [%clk 0:09:57] } d5 { [%clk 0:09:58] } 2. c4 { [%clk 0:09:54] } dxc4 {
[%clk 0:09:57] } 3. Nf3 { [%clk 0:09:24] } Nf6 { [%clk 0:09:56] } 4. e3 { [%clk
0:09:21] } e6 { [%clk 0:09:52] } 5. Bxc4 { [%clk 0:09:18] } Bc5 { [%clk
0:09:51] } 6. dxc5 { [%clk 0:08:49] } h6 { [%clk 0:09:46] } 7. Qxd8+ { [%clk
0:08:31] } Kxd8 { [%clk 0:09:42] } 8. O-O { [%clk 0:08:32] } Ne4 { [%clk
0:09:34] } 9. Nc3 { [%clk 0:08:00] } Nxc3 { [%clk 0:09:33] } 10. bxc3 { [%clk
0:08:03] } Nc6 { [%clk 0:09:23] } 11. Rd1+ { [%clk 0:08:04] } Ke8 { [%clk
0:09:19] } 12. Nd4 { [%clk 0:08:01] } Nxd4 { [%clk 0:09:18] } 13. cxd4 { [%clk
0:08:01] } Bd7 { [%clk 0:09:14] } 14. Rb1 { [%clk 0:08:00] } Ba4 { [%clk
0:09:08] } 15. Bb3 { [%clk 0:07:55] } Bxb3 { [%clk 0:09:07] } 16. Rxb3 { [%clk
0:07:49] } Ke7 { [%clk 0:08:56] } 17. Rxb7 { [%clk 0:07:49] } Rhb8 { [%clk
0:08:52] } 18. Rxc7+ { [%clk 0:07:46] } Kf8 { [%clk 0:08:48] } 19. Ba3 { [%clk
0:07:45] } Rc8 { [%clk 0:08:35] } 20. Rxc8+ { [%clk 0:07:25] } Rxc8 { [%clk
0:08:33] } 21. f4 { [%clk 0:07:19] } Ra8 { [%clk 0:08:07] } 22. Kf2 { [%clk
0:07:15] } Rb8 { [%clk 0:08:03] } 23. Kf3 { [%clk 0:07:15] } h5 { [%clk
0:07:47] } 24. Ke4 { [%clk 0:07:15] } f5+ { [%clk 0:07:38] } 25. Ke5 { [%clk
0:07:14] } Kf7 { [%clk 0:07:16] } 26. c6 { [%clk 0:06:54] } Rb6 { [%clk
0:07:07] } 27. Kd6 { [%clk 0:06:49] } Ra6 { [%clk 0:06:58] } 28. Rd3 { [%clk
0:06:38] } Ra5 { [%clk 0:06:34] } 29. c7 { [%clk 0:06:23] } Rd5+ { [%clk
0:06:15] } 30. Kc6 { [%clk 0:06:20] } Ke8 { [%clk 0:05:59] } 31. c8=Q+ { [%clk
0:06:12] } Rd8 { [%clk 0:05:34] } 32. Qxe6# { [%clk 0:06:07] } 1-0

[Event "Королевский Гамбит. Южный Федеральный округ."]
[Date "2025-11-21"]
[Round "7.3"]
[Board "3"]
[White "Дружинин Артём"]
[WhiteElo "1012"]
[Black "Курочкин Артём"]
[BlackElo "1010"]
[WebSite "https://www.chessopen.ru"]
[GameId "f980c6f3-119c-4793-a861-7ab1351edbed"]
[Result "1-0"]

1. e4 { [%clk 0:09:58] } Nc6 { [%clk 0:09:59] } 2. Nf3 { [%clk 0:09:47] } a5 {
[%clk 0:09:39] } 3. d4 { [%clk 0:09:32] } e5 { [%clk 0:09:38] } 4. dxe5 { [%clk
0:09:31] } Bb4+ { [%clk 0:09:15] } 5. c3 { [%clk 0:09:20] } Nxe5 { [%clk
0:08:48] } 6. cxb4 { [%clk 0:08:54] } axb4 { [%clk 0:08:48] } 7. Nxe5 { [%clk
0:08:52] } d6 { [%clk 0:08:42] } 8. Ng4 { [%clk 0:08:45] } d5 { [%clk 0:08:41]
} 9. exd5 { [%clk 0:08:22] } Bxg4 { [%clk 0:08:41] } 10. f3 { [%clk 0:08:18] }
Bf5 { [%clk 0:08:40] } 11. Bd3 { [%clk 0:08:14] } c6 { [%clk 0:08:36] } 12.
Bxf5 { [%clk 0:08:02] } Nh6 { [%clk 0:08:13] } 13. Bxh6 { [%clk 0:07:39] } Rg8
{ [%clk 0:08:05] } 14. O-O { [%clk 0:07:31] } gxh6 { [%clk 0:08:03] } 15. Re1+
{ [%clk 0:07:30] } Kf8 { [%clk 0:07:42] } 16. d6 { [%clk 0:07:28] } Qg5 { [%clk
0:07:24] } 17. g4 { [%clk 0:07:24] } Kg7 { [%clk 0:07:05] } 18. Qd4+ { [%clk
0:06:55] } Kf8 { [%clk 0:07:02] } 19. d7 { [%clk 0:06:52] } h5 { [%clk 0:06:40]
} 20. Qxb4+ { [%clk 0:06:44] } Kg7 { [%clk 0:06:29] } 21. Nc3 { [%clk 0:06:36]
} Rad8 { [%clk 0:06:12] } 22. Re7 { [%clk 0:06:20] } hxg4 { [%clk 0:06:09] }
23. Bxg4 { [%clk 0:06:12] } h5 { [%clk 0:05:58] } 24. Rae1 { [%clk 0:05:50] }
hxg4 { [%clk 0:05:48] } 25. Qxg4 { [%clk 0:05:45] } Kh6 { [%clk 0:05:27] } 26.
Qxg5+ { [%clk 0:05:25] } Rxg5+ { [%clk 0:05:25] } 27. Kh1 { [%clk 0:05:23] } c5
{ [%clk 0:03:57] } 28. Na4 { [%clk 0:05:03] } b5 { [%clk 0:03:55] } 29. Nb6 {
[%clk 0:04:52] } Rb8 { [%clk 0:03:42] } 30. Re8 { [%clk 0:04:43] } Rxb6 { [%clk
0:03:26] } 31. d8=Q { [%clk 0:03:45] } Rgg6 { [%clk 0:02:50] } 32. Qh4+ { [%clk
0:03:32] } Kg7 { [%clk 0:02:15] } 33. Qh8# { [%clk 0:03:35] } 1-0

[Event "Королевский Гамбит. Южный Федеральный округ."]
[Date "2025-11-21"]
[Round "7.3"]
[Board "3"]
[White "Панкратов Никита"]
[WhiteElo "952"]
[Black "Моисеенко Александр"]
[BlackElo "1057"]
[WebSite "https://www.chessopen.ru"]
[GameId "da6e36f9-575c-4507-983d-632976242aa8"]
[Result "0-1"]

1. e4 { [%clk 0:10:00] } e5 { [%clk 0:10:01] } 2. d3 { [%clk 0:09:55] } Nc6 {
[%clk 0:09:59] } 3. Nf3 { [%clk 0:09:47] } Nf6 { [%clk 0:09:56] } 4. Nc3 {
[%clk 0:09:45] } d6 { [%clk 0:09:55] } 5. Bg5 { [%clk 0:09:43] } Be7 { [%clk
0:09:55] } 6. Be2 { [%clk 0:09:13] } h6 { [%clk 0:09:52] } 7. a4 { [%clk
0:08:53] } Bd7 { [%clk 0:09:37] } 8. O-O { [%clk 0:08:44] } O-O { [%clk
0:09:30] } 9. Bxf6 { [%clk 0:08:28] } Bxf6 { [%clk 0:09:29] } 10. Nh4 { [%clk
0:07:59] } Bxh4 { [%clk 0:09:18] } 11. Bh5 { [%clk 0:07:33] } Qg5 { [%clk
0:09:15] } 12. Nd5 { [%clk 0:07:16] } Qd8 { [%clk 0:09:06] } 13. f4 { [%clk
0:07:07] } Ne7 { [%clk 0:09:01] } 14. fxe5 { [%clk 0:06:58] } Nxd5 { [%clk
0:08:59] } 15. exd5 { [%clk 0:06:58] } dxe5 { [%clk 0:08:59] } 16. Qf3 { [%clk
0:06:42] } g6 { [%clk 0:08:51] } 17. Bxg6 { [%clk 0:06:31] } fxg6 { [%clk
0:08:38] } 18. g3 { [%clk 0:06:07] } Rxf3 { [%clk 0:08:36] } 19. Rxf3 { [%clk
0:06:05] } Bg4 { [%clk 0:08:32] } 20. Rf2 { [%clk 0:05:57] } Bg5 { [%clk
0:08:32] } 21. Raf1 { [%clk 0:05:56] } Qxd5 { [%clk 0:08:32] } 22. Rf8+ { [%clk
0:05:54] } Rxf8 { [%clk 0:08:31] } 23. Rxf8+ { [%clk 0:05:45] } Kxf8 { [%clk
0:08:32] } 24. Kf2 { [%clk 0:05:29] } Qf3+ { [%clk 0:08:32] } 25. Kg1 { [%clk
0:05:28] } Be3# { [%clk 0:08:33] } 0-1